Zpráva o činnosti Ústředního výboru přednesená na 5. sjezdu Korejské strany práce ze dne 2. listopadu 1970

Podrobná bibliografia
Hlavný autor: Kim, Il-sǒng, 1912-1994 (Autor)
Médium: Kniha
Jazyk:neznámy jazyk
Fyzický popis:143 s.
Vydavateľské údaje: Pchjongjang Vydavatelství cizojazyčné literatury 1971

MARC

LEADER 00000nam a2200000 a 4500
001 vtls001368127
003 SK-MaSNL
005 20260301010929.0
008 240315s1971 xx 0 und
035 |a SNK000321826 
040 |a SNK  |b slo  |c SNK  |e AACR2 
100 1 |a Kim, Il-sǒng,  |d 1912-1994  |4 aut  |9 75802 
245 1 |a Zpráva o činnosti Ústředního výboru přednesená na 5. sjezdu Korejské strany práce ze dne 2. listopadu 1970 
260 |a Pchjongjang  |b Vydavatelství cizojazyčné literatury  |c 1971 
300 |a 143 s. 
958 |a OND 
999 |c 549477  |d 551407 
952 |t P60, <04>, [BOOK], {604}  |a SNK  |b SNK  |y VYP  |7 0  |p 17A0096002  |o snkID 53657 D1  |0 0  |1 1  |4 0  |d 1999-07-26  |l 0  |r 2005-01-02 00:00:00  |w 2026-02-23 
952 |t P60, <04>, [BOOK], {604}  |a SNK  |b SNK  |y VYP  |7 0  |p 17A0202878  |o snkID 53647  |0 0  |1 0  |4 0  |d 1999-07-15  |l 0  |r 2005-01-02 00:00:00  |w 2026-02-23